| 000 -CABECERA |
| campo de control de longitud fija |
01491nam a2200217 u 4500 |
| 001 - NÚMERO DE CONTROL |
| campo de control |
000058535 |
| 005 - FECHA Y HORA DE LA ÚLTIMA TRANSACCIÓN |
| campo de control |
20200120223852.0 |
| 008 - DATOS DE LONGITUD FIJA--INFORMACIÓN GENERAL |
| campo de control de longitud fija |
130730s2013 sp a gr 000 0 spa d |
| 020 ## - NÚMERO INTERNACIONAL ESTÁNDAR DEL LIBRO |
| Número Internacional Estándar del Libro |
9788446036654. |
| 041 0# - CÓDIGO DE LENGUA |
| Código de lengua del texto/banda sonora o título independiente |
spa |
| 082 04 - NÚMERO DE LA CLASIFICACIÓN DECIMAL DEWEY |
| Número de clasificación |
700.1 |
| Número de documento/Ítem |
S15 |
| Número de edición |
21 |
| 100 1# - ENTRADA PRINCIPAL--NOMBRE DE PERSONA |
| Nombre de persona |
Salabert Sole, Pere, |
| Fechas asociadas al nombre |
1945- |
| 245 10 - MENCIÓN DE TÍTULO |
| Título |
Teoría de la creación en el arte / |
| Mención de responsabilidad, etc. |
Pere Salabert. |
| 260 ## - PUBLICACIÓN, DISTRIBUCIÓN, ETC. |
| Lugar de publicación, distribución, etc. |
Madrid : |
| Nombre del editor, distribuidor, etc. |
Akal Ediciones, |
| Fecha de publicación, distribución, etc. |
2013. |
| 300 ## - DESCRIPCIÓN FÍSICA |
| Extensión |
249 p. : |
| Otras características físicas |
il. |
| 490 0# - MENCIÓN DE SERIE |
| Mención de serie |
Akal |
| -- |
Arte y estética |
| Designación de volumen o secuencia |
82 |
| 504 ## - NOTA DE BIBLIOGRAFÍA, ETC. |
| Nota de bibliografía, etc. |
Incluye bibliografía e índice |
| 520 3# - SUMARIO, ETC. |
| Sumario, etc. |
"La creación como concepto prácticamente se ha disuelto en nuestro tiempo debido al uso inmoderado del término que la nombra. Nos ha llegado cargada de prejuicios antes de estallar en mil pedazos e interesar a sectores tan ajenos a su original sentido como el Mercado o, si se prefiere, el marketing. Si contemplamos un contex to político como el nuestro, veremos que los registros de la cultura y el arte -incluidos la moda vestimentaria, la cocina y el deporte, con la hipertrofia deportivo-futbolística, o la "fiesta" taurina- invaden nuestro espacio mental atrayendo tanta más atención cuanto mayor es su agotamiento y, sobre todo, su puerilidad. Ahí la "creación" no sólo ha invadido todos los campos, también la producción de "conceptos" parece haber consumido el terreno filosófico que le pertenecía para acceder al marketing". |
| 650 17 - PUNTO DE ACCESO ADICIONAL DE MATERIA--TÉRMINO DE MATERIA |
| Término de materia o nombre geográfico como elemento de entrada |
Creación literaria, artística, etc. |
| Fuente del encabezamiento o término |
LEMB. |
| 650 27 - PUNTO DE ACCESO ADICIONAL DE MATERIA--TÉRMINO DE MATERIA |
| Término de materia o nombre geográfico como elemento de entrada |
Filosofía del arte |
| Fuente del encabezamiento o término |
LEMB. |